Cuando san pedro viajó en tren /
Guardado en:
| Autor Principal: | |
|---|---|
| Otros Autores: | |
| Formato: | Libro |
| Publicado: |
Buenos Aires :
Ediciones Sm,
2012
|
| Edición: | 3a. reimp. |
| Series: | El Barco de Vapor. Azul ; 7
|
| Materias: | |
| Etiquetas: |
Agregar Etiqueta
Sin Etiquetas, Sea el primero en etiquetar este registro!
|
| LEADER | 02152nam a22004455a 4500 | ||
|---|---|---|---|
| 001 | CEM.cems015062 | ||
| 005 | 20190912152730.0 | ||
| 008 | 130507s2012##################000#0#####d | ||
| 003 | CEMS | ||
| 020 | |a 9879875731943 | ||
| 082 | 0 | 4 | |a A868.4 |
| 100 | 1 | |a Bodoc, Liliana | |
| 245 | 1 | 0 | |a Cuando san pedro viajó en tren / |c Liliana Bodoc ; ilustrado Por Valeria Docampo |
| 250 | |a 3a. reimp. | ||
| 260 | |a Buenos Aires : |b Ediciones Sm, |c 2012 | ||
| 300 | |a 48 p. | ||
| 490 | 0 | |a El Barco de Vapor. Azul ; 7 | |
| 653 | |a Literatura | ||
| 653 | |a Literatura argentina | ||
| 653 | |a Literatura infantil | ||
| 653 | |a Cuentos infantiles | ||
| 653 | |a Colección ciencias de la educación | ||
| 700 | 1 | |a Docampo, Valeria; il. | |
| 859 | |a CEMS |b BIB. CEMS - 11 de abril |h A868.4 |i B632 |k CE |p 26954.14 |t Ej.17 | ||
| 859 | |a CEMS |b BIB. CEMS - Ccias. Educacion |h A868.4 |i B632 |k CE |p 28042.19 |t Ej.1 | ||
| 859 | |a CEMS |b BIB. CEMS - Ccias. Educacion |h A868.4 |i B632 |k CE |p 28232.19 |t Ej.2 | ||
| 859 | |a CEMS |b BIB. CEMS - Ccias. Educacion |h A868.4 |i B632 |k CE |p 28233.19 |t Ej.3 | ||
| 859 | |a CEMS |b BIB. CEMS - Ccias. Educacion |h A868.4 |i B632 |k CE |p 28234.19 |t Ej.4 | ||
| 859 | |a CEMS |b BIB. CEMS - Ccias. Educacion |h A868.4 |i B632 |k CE |p 28235.19 |t Ej.5 | ||
| 859 | |a CEMS |b BIB. CEMS - Ccias. Educacion |h A868.4 |i B632 |k CE |p 28236.19 |t Ej.6 | ||
| 859 | |a CEMS |b BIB. CEMS - Ccias. Educacion |h A868.4 |i B632 |k CE |p 28237.19 |t Ej.7 | ||
| 859 | |a CEMS |b BIB. CEMS - Ccias. Educacion |h A868.4 |i B632 |k CE |p 28238.19 |t Ej.8 | ||
| 859 | |a CEMS |b BIB. CEMS - Ccias. Educacion |h A868.4 |i B632 |k CE |p 28239.19 |t Ej.9 | ||
| 859 | |a CEMS |b BIB. CEMS - Ccias. Educacion |h A868.4 |i B632 |k CE |p 28240.19 |t Ej.10 | ||
| 859 | |a CEMS |b BIB. CEMS - Ccias. Educacion |h A868.4 |i B632 |k CE |p 28241.19 |t Ej.11 | ||
| 859 | |a CEMS |b BIB. CEMS - Ccias. Educacion |h A868.4 |i B632 |k CE |p 28242.19 |t Ej.12 | ||
| 859 | |a CEMS |b BIB. CEMS - Ccias. Educacion |h A868.4 |i B632 |k CE |p 28243.19 |t Ej.13 | ||
| 859 | |a CEMS |b BIB. CEMS - Ccias. Educacion |h A868.4 |i B632 |k CE |p 28244.19 |t Ej.14 | ||
| 859 | |a CEMS |b BIB. CEMS - Ccias. Educacion |h A868.4 |i B632 |k CE |p 28481.19 |t Ej.15 | ||
| 859 | |a CEMS |b BIB. CEMS - Ccias. Educacion |h A868.4 |i B632 |k CE |p 28546.19 |t Ej.16 | ||
